00804nam a2200193Ia 4500008004100000100002200041245007300063245014900136260003900285260000900324300002900333440004300362650003500405650002100440650003600461650002200497999001900519952007200538190511s9999 xx 000 0 und d aCha, Christine B. aTesting mood-activated psychological markers for suicidal ideation / cChristine B. Cha, Rory C. O' Connor, Olivia Kirtley, Seonaid Cleare, Karen Wetherall, Sarah Eschle, Katherine M. Tezanos, and Matthew K. Nock.-- bAmerican Psychological Association c2018 aPages 448-457, July 2018 aJournal of Abnormal Psychologyv127(5) aDifferential activation theory aEmotional stroop aImplicit Association Test (IAT) aSuicidal ideation c361841d361841 001040aCLbCLd2019-05-11l0r2019-05-11 00:00:00w2019-05-11ySE